| 000 | 00393nam a22001697a 4500 | ||
|---|---|---|---|
| 003 | MACL | ||
| 005 | 20211001163820.0 | ||
| 008 | 211001b |||||||| |||| 00| 0 eng d | ||
| 040 | _cMACL | ||
| 082 | _a823/LOP | ||
| 100 |
_aLopa _981211 |
||
| 245 | _aThree Rivers Of Tears | ||
| 260 |
_aNew Delhi _bLiFi Publications Pvt. Ltd. _c2012 |
||
| 300 | _ap492 | ||
| 650 | _aNovel | ||
| 942 |
_2ddc _cBK |
||
| 999 |
_c64477 _d64477 |
||